000 00361nam a2200109Ia 4500
008 160909s9999 xx 000 0 und d
100 _aGeronimo, Pauline B
245 _aby , Ed.D. . 2016: 83 pages; 10103377.
260 _bCalifornia State University
_c2016
650 _aFINANCIAL MANAGEMENT
856 _uhttp://pqdtopen.proquest.com/doc/1802295369.html?FMT=ABS
999 _c304539
_d304539